Statistics for History by Letter - V

Click here to take the quiz!

General Stats

  • This quiz has been taken 59,592 times
  • The average score is 10 of 20

Answer Stats

HintAnswer% Correct
Norse raiders who terrorized EuropeVikings
97%
Italian city-state and naval power
of the Middle Ages
Venice
89%
Wallachian duke who impaled peopleVlad
77%
City that was the center of classical
music around 1800
Vienna
76%
Communist guerrilla group of
South Vietnam
Viet Cong
68%
U.S. state briefly an independent nationVermont
67%
River on whose banks the
Battle of Stalingrad was fought
Volga
65%
Namesake of two continentsAmerigo Vespucci
47%
Germanic tribe who sacked Rome in 455Vandals
41%
Mononymic author of "Candide"Voltaire
39%
Style of variety show popular around 1900Vaudeville
38%
American railroad tycoon,
one of the richest people ever
Cornelius
Vanderbilt
37%
Roman term for "exit", not actually a
place where people threw up
Vomitorium
37%
Edward Jenner invented the
first one in 1798
Vaccine
35%
One who swears allegiance in
exchange for a fief
Vassal
35%
Explorer of Puget SoundGeorge Vancouver
29%
Norse colony in CanadaVinland
29%
Group of ancient Hindu scripturesVedas
25%
Beard style of V.I. Lenin and Charles IVan Dyke
14%
Official Latin translation of the BibleVulgate
14%

Score Distribution

Percentile by Number Answered

Percent of People with Each Score

Your Score History

You have not taken this quiz